| 000 | 00832nam a22003250a 4500 | ||
|---|---|---|---|
| 001 | PT54764 | ||
| 003 | AR-LpoUNG | ||
| 005 | 20210131231636.0 | ||
| 008 | 191001s1967||||ag |||||||||||||||||spa d | ||
| 040 |
_aAR-LpoUNG _bspa _cAR-LpoUNG _eaacr |
||
| 041 | _aspa | ||
| 044 | _aag | ||
| 082 | 0 | _a197 54v1 | |
| 100 | 1 | _aZenkovsky, B. | |
| 245 | 1 | 0 | _aHistoria de la filosofía rusa |
| 250 | _a1ra. ed. | ||
| 260 |
_aBuenos Aires : _bEudeba, _c1967. |
||
| 300 |
_a426 p. : _bil., gráfs., tbls., fot., mapa |
||
| 505 | 0 | _aHASH(0x561e1fab9608) | |
| 650 | 4 | _aCIENCIAS SOCIALES | |
| 650 | 4 | _aFILOSOFIA | |
| 650 | 4 | _aHISTORIA | |
| 650 | 4 | _aRELIGION | |
| 650 | 4 | _aRUSIA | |
| 651 | 4 | _aDOCUMENTOS TEORICOS O METODOLOGICOS | |
| 653 | _aFILOSOFIA RUSA | ||
| 700 | 1 |
_aAmellier, Julio _etr. |
|
| 905 | _a54764 | ||
| 942 | _cLIB | ||
| 999 |
_c11176 _d11176 |
||